Every Skyrim Town - Statistics

General Stats
  • This quiz has been taken 96 times
  • The average score is 8 of 9
Answer Stats
Hint Answer % Correct
DRAGON Whiterun
95%
COLLEGE Winterhold
93%
THE EMPIRE Solitude
89%
THIEVES Riften
88%
ULFRIC Windhelm
87%
MUSEUM Dawnstar
85%
DEER Falkreath
85%
DWARVEN Markarth
85%
SWAMP Morthal
78%
No matching quizzes found
Score Distribution
Percent of People with Each Score
Percentile by Number Answered
Your Score History
You have not taken this quiz